UBT Library

The social contract / (Record no. 130)

000 -LEADER
fixed length control field 00812cam a2200241 a 4500
005 - DATE AND TIME OF LATEST TRANSACTION
control field 20131016075338.0
008 - FIXED-LENGTH DATA ELEMENTS--GENERAL INFORMATION
fixed length control field 010810s2002 ctu sb 000 0 eng
041 1# - LANGUAGE CODE
Language code of text/sound track or separate title eng
080 ## - UNIVERSAL DECIMAL CLASSIFICATION NUMBER
Universal Decimal Classification number 32
100 1# - Rafti
Rafti Rousseau, Jean-Jacques,
100 1# - Rafti
-- 1712-1778.
245 10 - TITLE STATEMENT
Title The social contract /
Statement of responsibility, etc Jean-Jacques Rousseau ; newly translated and with an indroduction by Willmore Kendall.
260 ## -
-- Chicago :
-- Henry Regnery Company ;
-- 1954.
300 ## -
-- 171 p. ;
-- 18 cm.
490 1# -
-- A gateway edition
650 #0 -
-- Shkenca politike
650 #0 -
-- Kontrata shoqërore
650 #0 -
-- Civilizimi
655 ## -
-- Electronic books.
710 ## -
-- ebrary, Inc.
830 #0 -
-- Rethinking the Western tradition.
856 40 -
-- http://www.columbia.edu/cgi-bin/cul/resolve?clio6314021
-- Click here for full text.
942 ## - ADDED ENTRY ELEMENTS (KOHA)
Source of classification or shelving scheme
Item type Books
Holdings
Withdrawn status Lost status Source of classification or shelving scheme Damaged status Not for loan Collection code Permanent location Current location Shelving location Date acquired Total Checkouts Full call number Barcode Date last seen Price effective from Koha item type
          Koleksioni i përgjithshem UBT - Prishtine UBT - Prishtine Koleksioni i përgjithshem 10/16/2013   32 ROU 001-000141 10/16/2013 10/16/2013 Books
UBT Library © 2015-2024. All rights reserved University Education for Business and Technology